| 000 | 00712nam a2200217Ia 4500 | ||
|---|---|---|---|
| 003 | OSt | ||
| 005 | 20251008113204.0 | ||
| 008 | 210210b2005 xxu||||| |||| 00| 0 eng d | ||
| 040 | _cAL | ||
| 041 | _aKannada | ||
| 082 | _aK894.2 GOLP | ||
| 100 |
_aGOLDANI (Karlo). _dಗೋಲ್ಡ್ ವಿ (ಕಾರ್ಲೊ) _9241738 |
||
| 245 |
_aPugalendi prahasana. _bಪುಗಳೇಂದಿ ಪ್ರಹಸನ. |
||
| 260 |
_aBengaluru _bAbhinava Prakashana _c2005 |
||
| 300 | _a87 | ||
| 520 | _aThe Servant of Two Masters (1746) is a famous comedic play written by the Italian playwright Carlo Goldoni | ||
| 650 |
_aRamanatha _9241739 |
||
| 690 |
_aKannada Drama _9241740 |
||
| 906 | _a061068 | ||
| 942 |
_2ddc _cBK |
||
| 999 |
_c108135 _d108135 |
||